Adhunik Sanskrit Natak Part 1(naye tattya: naya itihaas)/ (Record no. 181283)

000 -LEADER
fixed length control field 00501nam a22001697a 4500
020 ## - INTERNATIONAL STANDARD BOOK NUMBER
ISBN 9789385098048
082 ## - DEWEY DECIMAL CLASSIFICATION NUMBER
Classification number S200 7
Item number RAM/A.1
100 ## - MAIN ENTRY--AUTHOR NAME
Personal name Ramji Upadhyay
245 ## - TITLE STATEMENT
Title Adhunik Sanskrit Natak Part 1(naye tattya: naya itihaas)/
Statement of responsibility, etc by Ramji Upadhyay
260 ## - PUBLICATION, DISTRIBUTION, ETC. (IMPRINT)
Place of publication Varanasi:
Name of publisher Chaukhamba Vidya Bhavan,
Year of publication 2020.
300 ## - PHYSICAL DESCRIPTION
Number of Pages 551p.
490 ## - SERIES STATEMENT
Series statement Vidya Bhavan Prachyavidya Granthamala; 36
650 ## - SUBJECT ADDED ENTRY--TOPICAL TERM
Topical Term Drama Sanskrit Study
650 ## - SUBJECT ADDED ENTRY--TOPICAL TERM
Topical Term Literature Sanskrit
650 ## - SUBJECT ADDED ENTRY--TOPICAL TERM
Topical Term Literature
942 ## - ADDED ENTRY ELEMENTS (KOHA)
Koha item type Book
Holdings
Withdrawn status Lost status Damaged status Not for loan Permanent Location Current Location Shelving location Date acquired Cost, normal purchase price Full call number Accession Number Price effective from Koha item type
        Sree Sankaracharya University of Sanskrit Sree Sankaracharya University of Sanskrit Stacks 24.04.2026 1000.00 S200 7 RAM/A.1 108504 24.04.2026 Book